How Many Black Butler Characters Can You Name Quiz Stats

 Plays Quiz not verified by Sporcle

Also try: LOTR Name to Name
Challenge
Share
Tweet
Embed
Score 0/87 Timer 10:00
0 Plays Today
% Correct
Ciel Phantomhive
95%
Sebastian Michaelis
85.6%
Mey-Rin
80.2%
Finnian
77.7%
Alois Trancy
76.3%
Tanaka
75.5%
Elizabeth Midford
72.7%
Joker
68.3%
Doll
65.8%
Snake
65.5%
Bardroy
65.1%
Beast
65.1%
Grell Sutcliff
64%
Claude Faustus
60.8%
Undertaker
57.6%
Dagger
56.8%
Wendy
51.8%
Peter
51.4%
Vincent Phantomhive
50.7%
Jumbo
47.8%
Queen Victoria
46.4%
Ronald Knox
46%
Timber
44.6%
Rachel Phantomhive
44.2%
Paula
43.2%
Canterbury
42.4%
Thompson
41%
Edward Midford
37.8%
Madam Red
35.6%
% Correct
Agni
31.3%
Charles Grey
30.2%
Doctor
29.9%
Hannah Annafellows
29.1%
Prince Soma
28.8%
Lau
28.1%
Fred Abberline
27%
Francis Midford
26.6%
Ran-Mao
24.8%
Baron Kelvin
22.3%
Ash Landers
21.9%
Angela Blanc
19.4%
Charles Phipps
19.1%
Alexis Leon Midford
15.1%
John Brown
10.1%
Prince Albert
9.4%
Edward Abberline
9.4%
Gregory Violet
9.4%
Arnold Trancy
9%
Edgar Redmond
8.3%
Richard
7.6%
Clayton
7.6%
Eric Slingby
7.2%
Drossel Keinz
6.8%
Luka Macken
6.8%
King Edward
6.5%
Mina
6.5%
Cheslock
6.1%
Alan Humphries
5.8%
% Correct
Arthur Conan Doyle
5.8%
Aleistor Chamber
4.7%
Maurice Cole
4.7%
Irene Diaz
4.7%
Lawrence Bluewer
4.3%
McMillan
4.3%
Joanne Harcourt
3.6%
Derrick Arden
3.6%
Nina Hopkins
3.6%
Lord Arthur Randall
3.2%
William T. Spearrs
3.2%
Johann Agares
2.5%
Mary Jane Kelly
2.5%
Lawrence Anderson
2.2%
Patrick Phelps
1.8%
Azzurro Vanel
1.4%
Harold West Jeb
1.4%
James
1.4%
Damian
1.1%
Grimsby Keane
1.1%
Carter
1.1%
Karl Woodley
0.7%
George Von Siemens
0.7%
Mathilda Simmons
0.7%
Herman Grenhill
0.4%
Chef Higharm
0.4%
Henry Barrymore
0.4%
Julius Pitt
0.4%
Jeremy Rathbone
0.4%

You're not logged in!

Compare scores with friends on all Sporcle quizzes.
OR
Log In

You Might Also Like...

Show Comments

Extras

Created Apr 1, 2016ReportNominate
Tags:Anime Quiz

Top Quizzes Today


Score Distribution

Your Account Isn't Verified!

In order to create a playlist on Sporcle, you need to verify the email address you used during registration. Go to your Sporcle Settings to finish the process.

Report this User

Report this user for behavior that violates our Community Guidelines.

Details: